| 000 | 00825cab a2200229 4500 | ||
|---|---|---|---|
| 001 | WB3519-50 | ||
| 008 | 090401t1999 xxu||||| |||| 00| 0 eng d | ||
| 035 | _a(Sirsi) u93423 | ||
| 041 | _aeng | ||
| 245 | _aCut in length of planning inquiries | ||
| 260 | _c1999 | ||
| 350 | _a0 | ||
| 490 |
_aFinancial Times _v19 May 1999, 1(1) |
||
| 520 | _aGovernment has published a consultation document putting forward proposals to curb the length of time taken by planning inquiries. The paper suggests curtailing the right of participants to cross-examine witnesses, and reducing the number of individuals allowed to appear. | ||
| 650 | _aCONSULTATION PAPERS | ||
| 650 | _aDELAYS | ||
| 650 | _aPLANNING INQUIRIES | ||
| 650 | _aPLANNING SYSTEM | ||
| 690 | _aPLANNING LAW AND PRACTICE | ||
| 942 | _n0 | ||
| 948 | _c19/05/1999 | ||
| 999 |
_c59206 _d59206 |
||